00652nam a2200169 a 450000100100000000500170001000800410002704000250006808200150009310000330010824500920014126000610023330000300029470000280032495201130035299900170046500003718720200930080208.0120224s1986 ck c 000 0 spa d aDO-SdBNPbspacBNPHU axxxbH565r1 aHerrera Campins, Luis91806510aReflexiones sobre el porvenir /cLuis Herrera Campins ; presentación Juan Santamaria. aCaracas, Venezuela :bServicio Grafico Editorial,c1986. a58 p. :bretrs. ;c22 cm.1 aSantamaria, Juan963597 001050718MOaGRbGRcCTd2012-02-24iLF1l0oxxx H565rp37187-10r2020-06-25w2020-06-25y1ZNo se presta c36677d36677